| 000 | 00596nam a2200181 a 4500 | ||
|---|---|---|---|
| 005 | 20210223125116.0 | ||
| 008 | 030911s1998 mx r 000 0 spa d | ||
| 020 | _a9706543341 | ||
| 035 | _aUPN01000128789 | ||
| 049 | _aCG | ||
| 050 | 4 |
_aLC1085 _bV5.6 |
|
| 245 | 0 | 0 |
_aVinculación universidad-sector productivo en las áreas biológicas : _bun texto para estudiantes universitarios / _ccomp. Martha Coronado Herrera. |
| 260 |
_aMéxico : _bUAM-Xochimilco, _c1998. |
||
| 300 | _a311 p. | ||
| 650 | 4 |
_aINDUSTRIA Y EDUCACION _95953 |
|
| 700 | 1 |
_aCoronado Herrera, Martha, _ecomp. |
|
| 905 | _aLibro | ||
| 999 |
_c100966 _d100966 |
||